000 00601nam a2200181Ia 4500
008 090124s9999 xx 000 0 und d
082 _b30613
_a3513
100 _aकाळे व.पु. (वसंत पुरुषोत्तम)
245 _a एकूण वपु
250 _a1
260 _c2000
300 _a215+8
600 _aकाळे व.पु. (वसंत पुरुषोत्तम)
630 _a एकूण वपु
700 _aकाळे व.पु. (वसंत पुरुषोत्तम)
730 _a एकूण वपु
942 _cBOOK
999 _c144094
_d144094